000 00948nam0a22002891 4500
001 RU\NLR\INFOCOMM_161\5000087254
005 20250613100450.0
035 _a(NLR Aleph) 009343889
090 _a9529391
_c9529391
100 _a20101029d1974 |||y0rusy50 ca
101 0 _aslo
102 _aRU
105 _aa ||||000|y
200 1 _aBytová výstavba
_fG. Fomin
210 _aM.
_cVyd-vo APN
_d1974
215 _a73 с.; 16 л. ил.
_cил.
_d17 см
225 1 _aZSSR včera, dnes, zajtra
300 _aНа обл. авт. не указан
300 _aВ вып. дан.: Г. Фомин. Жилищное строительство [в СССР]
606 _aЖилищное строительство
_yСССР
_2nlr_sh1
686 _aУ31(2)544.2
_2rubbk
700 1 _aFomin
_bG. N.
_gGennadij Nilovič
_4070
801 1 _aRU
_bNLR
_c20101029
801 0 _aRU
_bNLR
_gPSBO
852 _aNLR
_jСл Слов-1/391
942 _cBOOK
980 _aNB